| 000 | 00731cab a2200253 4500 | ||
|---|---|---|---|
| 001 | WB3302-02 | ||
| 008 | 090401t1997 xxu||||| |||| 00| 0 eng d | ||
| 035 | _a(Sirsi) u19325 | ||
| 041 | _aeng | ||
| 245 | _aPartnerships | ||
| 260 | _c1997 | ||
| 350 | _a0 | ||
| 490 |
_aFinancial Times _v9 January 1997, 20(1) |
||
| 520 | _aPartnership arrangements in the construction industry are proving to be a successful means of reducing costs and improving quality. Examples. | ||
| 650 | _aCONSTRUCTION INDUSTRY | ||
| 650 | _aCONTRACTORS | ||
| 650 | _aPARTNERING | ||
| 650 | _aPARTNERSHIPS | ||
| 650 | _aTHAMES WATER | ||
| 690 | _aBUILT ENVIRONMENT | ||
| 690 | _aFINANCE AND INVESTMENT | ||
| 942 | _n0 | ||
| 948 | _c04/03/1997 | ||
| 999 |
_c12889 _d12889 |
||